000
00312nam a2200133Ia 4500
005
20260328104318.0
008
260328s9999||||xx |||||||||||||| ||und||
100
_a
Mozas, Javier
245
0
_a
Form & Data :
_b
Collect| /
_c
Javier Mozas
260
_b
A+T
300
_a
319 p.
650
_a
SIGLO XXI
942
_c
BK
999
_c
11233
_d
11233